DESIGN OF FEEDBACK CONTROL SYSTEM (Record no. 570325)
[ view plain ]
| 000 -LEADER | |
|---|---|
| fixed length control field | 00574nam a22001937a 4500 |
| 003 - CONTROL NUMBER IDENTIFIER | |
| control field | CEME |
| 005 - DATE AND TIME OF LATEST TRANSACTION | |
| control field | 20210628202606.0 |
| 008 - FIXED-LENGTH DATA ELEMENTS--GENERAL INFORMATION | |
| fixed length control field | 210118b xxu||||| |||| 00| 0 eng d |
| 020 ## - INTERNATIONAL STANDARD BOOK NUMBER | |
| International Standard Book Number | 978-019-5473728 |
| 040 ## - CATALOGING SOURCE | |
| Transcribing agency | ceme |
| 082 ## - DEWEY DECIMAL CLASSIFICATION NUMBER | |
| Classification number | 629.83 STE |
| 100 ## - MAIN ENTRY--PERSONAL NAME | |
| Personal name | Stefani, Raymond T. Shahian, Bahram, Savant, Clement.J, Hostetter, Gene.H |
| 9 (RLIN) | 60643 |
| 245 ## - TITLE STATEMENT | |
| Title | DESIGN OF FEEDBACK CONTROL SYSTEM |
| 250 ## - EDITION STATEMENT | |
| Edition statement | 4TH |
| 260 ## - PUBLICATION, DISTRIBUTION, ETC. | |
| Place of publication, distribution, etc. | KARACHI |
| Name of publisher, distributor, etc. | OXFORD |
| Date of publication, distribution, etc. | 2002 |
| 300 ## - PHYSICAL DESCRIPTION | |
| Extent | XVI,848P |
| 650 ## - SUBJECT ADDED ENTRY--TOPICAL TERM | |
| Topical term or geographic name entry element | FEEDBACK CONTROL SYSTEM.DESIGN OF FEEDBACK CONTROL SYSTEM |
| 9 (RLIN) | 60644 |
| 942 ## - ADDED ENTRY ELEMENTS (KOHA) | |
| Koha item type | Book |
| Source of classification or shelving scheme | |
| Withdrawn status | Lost status | Damaged status | Not for loan | Permanent Location | Current Location | Shelving location | Date acquired | Total Checkouts | Full call number | Barcode | Checked out | Date last seen | Date last checked out | Price effective from | Koha item type |
|---|---|---|---|---|---|---|---|---|---|---|---|---|---|---|---|
| College of Electrical & Mechanical Engineering (CEME) | College of Electrical & Mechanical Engineering (CEME) | General Stacks | 03/19/2017 | 2 | 629.83 STE | CEME-44790 | 02/20/2026 | 01/21/2026 | 01/21/2026 | 06/28/2021 | Book | ||||
| College of Electrical & Mechanical Engineering (CEME) | College of Electrical & Mechanical Engineering (CEME) | General Stacks | 03/19/2017 | 629.83 STE | CEME-44791 | 06/28/2021 | 06/28/2021 | Book | |||||||
| College of Electrical & Mechanical Engineering (CEME) | College of Electrical & Mechanical Engineering (CEME) | General Stacks | 03/19/2017 | 1 | 629.83 STE | CEME-44792 | 02/20/2026 | 01/21/2026 | 01/21/2026 | 06/28/2021 | Book |
